Gamera Franchise Quiz - Statistics

General Stats
  • This quiz has been taken 13 times
  • The average score is 11 of 13
Answer Stats
Year Film % Correct
1965 Gamera: The Giant Monster
100%
1996 Gamera 2: Attack of the Legion
90%
1999 Gamera 3: Revenge of Iris
90%
2023 Gamera Rebirth
90%
1967 Gamera vs Gyaos
90%
1970 Gamera vs Jiger
90%
1980 Gamera: Super Monster
80%
2005 Gamera the Brave
80%
1995 Gamera, the Guardian of the Universe
80%
1969 Gamera vs Guiron
80%
1971 Gamera vs Zigra
80%
1966 Gamera vs Barugon
70%
1968 Gamera vs Viras
70%
No matching quizzes found
Score Distribution
Percent of People with Each Score
Percentile by Number Answered
Your Score History
You have not taken this quiz